| 000 | 00800nam a2200241 u 4500 | ||
|---|---|---|---|
| 005 | 20240522063659.0 | ||
| 008 | 181112s2010 mx r 000 0 spa d | ||
| 020 | _a9788449441455 | ||
| 035 | _aUPN01000227752 | ||
| 049 | _aI | ||
| 050 | 4 |
_aK639 _bR6.2 |
|
| 100 | 1 |
_aRoederer, Charlotte _943151 |
|
| 245 | 1 | 4 |
_aLos derechos de los niños / _ctexto e il. Charlotte Roederer ; tr. Julia Piastro. |
| 260 |
_aMéxico : _bOcéano, _c2010. |
||
| 300 |
_a[23] p. : _bprincipalmente il. col. |
||
| 440 | 0 |
_aPrimeros descubrimientos. _pOceano travesía |
|
| 534 |
_pTítulo original: _tLes droits de l'enfant |
||
| 650 | 4 |
_aDerechos de los niños _94862 |
|
| 650 | 4 |
_aLibros y lectura para niños _92290 |
|
| 650 | 7 |
_aLibros ilustrados para niños _2 _921365 |
|
| 905 | _aInfantil | ||
| 999 |
_c199847 _d199847 |
||